Avtomatizacija proizvodstva i promyšlennaja elektronika

Gespeichert in:
Bibliographische Detailangaben
Format: Buch
Sprache:Russisch
Veröffentlicht: Moskva : Sovetskaja enciklopedija, 1965
Schlagworte:
Tags: Tag hinzufügen
Keine Tags, Fügen Sie das erste Tag hinzu!

MARC

LEADER 00000nam a22000003a 4500
001 stu207237
005 20141123080339.0
008 100712s1964----xxr-----------------rus-d
040 |a STU  |b slo 
041 0 |a rus 
044 |a xxr 
245 |a Avtomatizacija proizvodstva i promyšlennaja elektronika 
260 |a Moskva :  |b Sovetskaja enciklopedija,  |c 1965 
650 7 |a Elektronika priemyselná  |2 stusub 
996 |b E11764  |c E*11764  |l EE11  |s P  |a 0  |w stu207237_0001